Episodios históricos

Furkejuvvon:
Bibliográfalaš dieđut
Váldodahkki: Brieba, Liborio (Dahkki)
Materiálatiipa: Girji
Giella:espánnjágiella
Almmustuhtton: Santiago Zig-Zag 1975
Preanttus:1a. ed
Ráidu:Biblioteca Grandes Obras de la Literatura
Fáttát:
Fáddágilkorat: Lasit fáddágilkoriid
Eai fáddágilkorat, Lasit vuosttaš fáddágilkora!

MARC

LEADER 00000cam a2200000 a 4500
001 UCE8689
003 CL-VaPUC
008 150827e19750000cl |||||||||||||||||spa|d
082 0 4 |a Ch863  |b BRI  |2 21 
100 |a Brieba, Liborio  |e author  |9 420139 
245 1 0 |a Episodios históricos 
250 |a 1a. ed 
300 |a 293 p 
942 |c BK 
945 |d 20150827 16:13:00  |a dcastane 
260 |a Santiago  |b Zig-Zag  |c 1975 
650 0 |a Novelas históricas   |9 342315 
650 0 |a Novelas chilenas   |9 265425 
650 0 |a Literatura chilena   |9 308278 
583 |a last modification  |c 20150827 16:13:00  |k Rodrigo Vera 
490 0 |a Biblioteca Grandes Obras de la Literatura 
999 |c 360475  |d 360473